| 000 | 00667nas a2200241 4500 | ||
|---|---|---|---|
| 001 | BR2010000697 | ||
| 003 | BR-BrBNA | ||
| 005 | 20231205113903.0 | ||
| 007 | ta | ||
| 008 | 230509b bl.|||p| |||| 00| 00por d | ||
| 040 |
_aBR-BrBNA _bpor _cBiblioteca Nacional de Agricultura |
||
| 041 | _a(Pt) | ||
| 072 | _aE71 | ||
| 100 | 1 | _a(Anon.) | |
| 245 | 1 | _aTerceirização da terra | |
| 650 | _aTERRA | ||
| 650 | _aMERCADO INTERNACIONAL | ||
| 650 | _aCOMERCIALIZAÇÃO | ||
| 650 | _aARRENDAMENTO | ||
| 773 | 0 |
_tAgroanalysis (Brazil) _xISSN 0100-4298 _g(Jun 2009), v. 29(6) p. 17-18 _wBR2010000697 |
|
| 909 |
_a202311 _bLúcia _c55 _dLúcia Elande |
||
| 942 |
_2AGRIS _n0 _cANA |
||
| 999 |
_c206123 _d206123 |
||